<?xml version="1.0" encoding="UTF-8"?>
<record
    xmlns:xsi="http://www.w3.org/2001/XMLSchema-instance"
    xsi:schemaLocation="http://www.loc.gov/MARC21/slim http://www.loc.gov/standards/marcxml/schema/MARC21slim.xsd"
    xmlns="http://www.loc.gov/MARC21/slim">

  <leader>01689nam a2200253   4500</leader>
  <datafield tag="999" ind1=" " ind2=" ">
    <subfield code="c">96597</subfield>
    <subfield code="d">96597</subfield>
  </datafield>
  <controlfield tag="003">NALT</controlfield>
  <controlfield tag="005">20210709092032.0</controlfield>
  <controlfield tag="008">200131b        th ||||| |||| 00| 0 tha d</controlfield>
  <datafield tag="040" ind1=" " ind2=" ">
    <subfield code="a">NALT</subfield>
  </datafield>
  <datafield tag="050" ind1=" " ind2=" ">
    <subfield code="a">LB 2805</subfield>
    <subfield code="b">&#xE28;686&#xE01; 2563</subfield>
  </datafield>
  <datafield tag="100" ind1="0" ind2=" ">
    <subfield code="a">&#xE28;&#xE38;&#xE20;&#xE13;&#xE31;&#xE0F;&#xE10;&#xE4C; &#xE28;&#xE28;&#xE34;&#xE27;&#xE38;&#xE12;&#xE34;&#xE27;&#xE31;&#xE12;&#xE19;&#xE4C;</subfield>
    <subfield code="9">30830</subfield>
  </datafield>
  <datafield tag="245" ind1="1" ind2="0">
    <subfield code="a">&#xE01;&#xE32;&#xE23;&#xE02;&#xE22;&#xE32;&#xE22;&#xE1C;&#xE25;&#xE42;&#xE23;&#xE07;&#xE40;&#xE23;&#xE35;&#xE22;&#xE19;&#xE04;&#xE38;&#xE13;&#xE20;&#xE32;&#xE1E;&#xE14;&#xE35;&#xE43;&#xE19;&#xE1B;&#xE23;&#xE30;&#xE40;&#xE17;&#xE28;&#xE44;&#xE17;&#xE22; : </subfield>
    <subfield code="b">&#xE1A;&#xE17;&#xE2A;&#xE33;&#xE23;&#xE27;&#xE08;&#xE41;&#xE25;&#xE30;&#xE02;&#xE49;&#xE2D;&#xE40;&#xE2A;&#xE19;&#xE2D;&#xE40;&#xE1A;&#xE37;&#xE49;&#xE2D;&#xE07;&#xE15;&#xE49;&#xE19; /</subfield>
    <subfield code="c">&#xE28;&#xE38;&#xE20;&#xE13;&#xE31;&#xE0F;&#xE10;&#xE4C; &#xE28;&#xE28;&#xE34;&#xE27;&#xE38;&#xE12;&#xE34;&#xE27;&#xE31;&#xE12;&#xE19;&#xE4C; &#xE41;&#xE25;&#xE30; &#xE42;&#xE0A;&#xE29;&#xE34;&#xE15;&#xE32; &#xE2A;&#xE25;&#xE31;&#xE01;&#xE04;&#xE33; ; &#xE2A;&#xE32;&#xE22;&#xE43;&#xE08; &#xE27;&#xE34;&#xE17;&#xE22;&#xE32;&#xE2D;&#xE19;&#xE38;&#xE21;&#xE32;&#xE2A;.</subfield>
  </datafield>
  <datafield tag="246" ind1="1" ind2="4">
    <subfield code="a">&#xE01;&#xE32;&#xE23;&#xE02;&#xE22;&#xE32;&#xE22;&#xE1C;&#xE25;&#xE42;&#xE23;&#xE07;&#xE40;&#xE23;&#xE35;&#xE22;&#xE19;&#xE04;&#xE38;&#xE13;&#xE20;&#xE32;&#xE1E;&#xE14;&#xE35;&#xE43;&#xE19;&#xE1B;&#xE23;&#xE30;&#xE40;&#xE17;&#xE28;&#xE44;&#xE17;&#xE22;: </subfield>
    <subfield code="b">&#xE1A;&#xE17;&#xE2A;&#xE33;&#xE23;&#xE27;&#xE08;&#xE41;&#xE25;&#xE30;&#xE02;&#xE49;&#xE2D;&#xE40;&#xE2A;&#xE19;&#xE2D;&#xE40;&#xE1A;&#xE37;&#xE49;&#xE2D;&#xE07;&#xE15;&#xE49;&#xE19; (&#xE23;&#xE32;&#xE22;&#xE07;&#xE32;&#xE19;&#xE17;&#xE35;&#xE14;&#xE35;&#xE2D;&#xE32;&#xE23;&#xE4C;&#xE44;&#xE2D; &#xE09;&#xE1A;&#xE31;&#xE1A;&#xE17;&#xE35;&#xE48; 160 &#xE21;&#xE01;&#xE23;&#xE32;&#xE04;&#xE21; 2563) </subfield>
  </datafield>
  <datafield tag="260" ind1=" " ind2=" ">
    <subfield code="a">&#xE01;&#xE23;&#xE38;&#xE07;&#xE40;&#xE17;&#xE1E;&#xE2F; :</subfield>
    <subfield code="b">&#xE2A;&#xE16;&#xE32;&#xE1A;&#xE31;&#xE19;&#xE27;&#xE34;&#xE08;&#xE31;&#xE22;&#xE40;&#xE1E;&#xE37;&#xE48;&#xE2D;&#xE01;&#xE32;&#xE23;&#xE1E;&#xE31;&#xE12;&#xE19;&#xE32;&#xE1B;&#xE23;&#xE30;&#xE40;&#xE17;&#xE28;&#xE44;&#xE17;&#xE22;,</subfield>
    <subfield code="c">2562.</subfield>
  </datafield>
  <datafield tag="300" ind1=" " ind2=" ">
    <subfield code="a">16 &#xE2B;&#xE19;&#xE49;&#xE32; :</subfield>
    <subfield code="b">&#xE20;&#xE32;&#xE1E;&#xE1B;&#xE23;&#xE30;&#xE01;&#xE2D;&#xE1A; ;</subfield>
    <subfield code="c">27 &#xE0B;&#xE21;.</subfield>
  </datafield>
  <datafield tag="650" ind1=" " ind2="0">
    <subfield code="a">&#xE42;&#xE23;&#xE07;&#xE40;&#xE23;&#xE35;&#xE22;&#xE19;</subfield>
    <subfield code="x">&#xE01;&#xE32;&#xE23;&#xE1A;&#xE23;&#xE34;&#xE2B;&#xE32;&#xE23;</subfield>
    <subfield code="9">18234</subfield>
  </datafield>
  <datafield tag="650" ind1=" " ind2="4">
    <subfield code="9">43600</subfield>
    <subfield code="a">&#xE42;&#xE23;&#xE07;&#xE40;&#xE23;&#xE35;&#xE22;&#xE19;</subfield>
    <subfield code="x">&#xE04;&#xE38;&#xE13;&#xE20;&#xE32;&#xE1E;</subfield>
  </datafield>
  <datafield tag="700" ind1="0" ind2=" ">
    <subfield code="9">43599</subfield>
    <subfield code="a">&#xE42;&#xE0A;&#xE29;&#xE34;&#xE15;&#xE32; &#xE2A;&#xE25;&#xE31;&#xE01;&#xE04;&#xE33;</subfield>
  </datafield>
  <datafield tag="700" ind1="0" ind2=" ">
    <subfield code="a">&#xE2A;&#xE32;&#xE22;&#xE43;&#xE08; &#xE27;&#xE34;&#xE17;&#xE22;&#xE32;&#xE2D;&#xE19;&#xE38;&#xE21;&#xE32;&#xE2A;</subfield>
    <subfield code="9">18561</subfield>
  </datafield>
  <datafield tag="850" ind1=" " ind2=" ">
    <subfield code="a">NALT</subfield>
  </datafield>
  <datafield tag="942" ind1=" " ind2=" ">
    <subfield code="c">GB</subfield>
    <subfield code="2">lcc</subfield>
  </datafield>
  <datafield tag="998" ind1=" " ind2=" ">
    <subfield code="a">bijaya</subfield>
    <subfield code="b">phon</subfield>
    <subfield code="c">phon</subfield>
    <subfield code="j">104</subfield>
    <subfield code="k"> &#xE2A;&#xE32;&#xE22;&#xE1D;&#xE19; &#xE14;&#xE35;&#xE07;&#xE32;&#xE21;</subfield>
  </datafield>
  <datafield tag="952" ind1=" " ind2=" ">
    <subfield code="0">0</subfield>
    <subfield code="1">0</subfield>
    <subfield code="2">lcc</subfield>
    <subfield code="4">0</subfield>
    <subfield code="7">0</subfield>
    <subfield code="8">CGBL</subfield>
    <subfield code="a">NALT</subfield>
    <subfield code="b">NALT</subfield>
    <subfield code="d">2020-01-31</subfield>
    <subfield code="l">0</subfield>
    <subfield code="o">LB 2805 &#xE28;686&#xE01; 2563</subfield>
    <subfield code="p">3961210128</subfield>
    <subfield code="r">2020-02-13 00:00:00</subfield>
    <subfield code="w">2020-01-31</subfield>
    <subfield code="y">GB</subfield>
  </datafield>
</record>
